Tenisistki - quiz obrazkowy - Statystyki

Ogólne statystyki
  • Ten quiz został rozwiązany 334 razy
  • Średni wynik to 10 z 21
Statystyki odpowiedzi
Obrazkowy Odpowiedź % Poprawnych
Serena Williams
91%
Agnieszka Radwańska
88%
Rafael Nadal
88%
Roger Federer
78%
Venus Williams
74%
Caroline Wozniacki
62%
Urszula Radwańska
57%
Andre Agassi
49%
Martina Navratilova
49%
Boris Becker
48%
Marija Szarapowa
46%
Steffi Graf
39%
Kim Clijsters
34%
Pete Sampras
32%
Novak Đoković
31%
Martina Hingis
30%
John McEnroe
24%
Ivan Lendl
19%
Anna Kurnikowa
17%
Monica Seles
17%
Björn Borg
13%
Nie znaleziono quizów pasujących do podanych kryteriów
Rozkład punktacji
Procent ludzi z każdym wynikiem
Percentyl według liczby udzielonych odpowiedzi
Twoja historia wyników
Nie rozwiązałeś tego quizu